000 00459nam a2200181Ia 4500
001 45509
008 140428s9999 xx 000 0 und d
020 _aNA
040 _cPK-LaUMT
082 _aRHC 891.4393
_bKAL-A
100 _aKalim Uddin Ahmad
245 _aApni talaash mein (Urdu)
_cKalim Uddin Ahmad
260 _aPatna,India:
_bLabel Laithu Press,
_c1982
300 _a237 p.
546 _aUR
650 _aPakistani literature-Urdu
942 _cBK
999 _c43477
_d43477